Fictional Characters by Pictures - M - Statistics

General Stats
  • This quiz has been taken 59 times
  • The average score is 8 of 25
Answer Stats
Picture Answer % Correct
Mickey Mouse
98%
Minnie Mouse
89%
Mufasa
77%
Mulan
74%
Mary Poppins
70%
Monica
55%
Mad Hatter
53%
Mike Wazowski
53%
Michael Scott
49%
Maddie
30%
Misa
15%
Mr. Moseby
13%
Michelle
11%
Musa
11%
Megan
9%
Miley Stewart
9%
Maddie Fitzpatrick
8%
Marlene
8%
Max Russo
8%
Maxxie
8%
Maze
4%
Moomintroll
4%
Mimmy
2%
Moominmamma
2%
Moominpappa
2%
No matching quizzes found
Score Distribution
Percent of People with Each Score
Percentile by Number Answered
Your Score History
You have not taken this quiz